[Event "24th Bosnjaci Open 2019"]
[Site "Bosnjaci"]
[Date "2019.01.09"]
[Round "9.14"]
[White "Pasalic, Adnan"]
[Black "Babic, Zvonko"]
[Result "0-1"]
[WhiteElo "1973"]
[BlackElo "2190"]
[Annotator "NA"]
[PlyCount "60"]
[EventDate "2019.01.03"]
[EventType "swiss"]
[EventCountry "CRO"]
[SourceTitle "playchess.com"]
[Source "ChessBase"]
[SourceQuality "1"]
[TimeControl "5400+30"]

1. d4 {[%emt 0:00:30]} Nf6 {[%emt 0:00:30]} 2. c4 {[%emt 0:00:00]} c5 {[%emt 0:00:00]} 3. d5 {[%emt 0:00:00]} b5 {[%emt 0:00:00]} 4. cxb5 {[%emt 0:00:30]} a6 {[%emt 0:00:00]} 5. bxa6 {[%emt 0:01:30]} g6 {[%emt 0:00:00]} 6. Nc3 {[%emt 0:00:30]} Bxa6 {[%emt 0:00:30]} 7. e4 {[%emt 0:00:30]} Bxf1 {[%emt 0:00:00]} 8. Kxf1 {[%emt 0:00:30]} d6 {[%emt 0:00:00]} 9. g3 {[%emt 0:00:30]} Bg7 {[%emt 0:00:30]} 10. Nge2 {[%emt 0:00:00]} O-O {[%emt 0:01:30]} 11. Kg2 {[%emt 0:02:00]} Nbd7 {[%emt 0:01:30]} 12. Rb1 {[%emt 0:05:30] LiveBook: 6 Games} Ra6 {[%emt 0:08:30] A59: Benko/Volga Gambit: White castles by hand} 13. b3 {[%emt 0:08:30]} Qa8 {[%emt 0:04:30]} 14. Bb2 $146 {[%emt 0:03:30]} ({Predecessor:} 14. f3 e6 15. dxe6 fxe6 16. Nf4 d5 17. exd5 exd5 18. a4 d4 19. Nb5 Nd5 20. Rf1 {0-1 (38) Chalmeta Ugas,J (2187)-Cruz,J (2471) Barbera del Valles 2014}) 14... Rb8 {[%emt 0:03:30]} 15. Qc2 {[%emt 0:03:30]} Ne5 {[%emt 0:03:30]} 16. Na4 {[%emt 0:05:30]} Nfd7 {[%emt 0:10:30]} 17. h3 {[%emt 0:14:30]} Nb6 {[%emt 0:11:30]} 18. Nec3 {[%emt 0:01:30]} c4 {[%emt 0:01:30]} 19. Nxb6 $11 {[%emt 0:12:30]} cxb3 {[%emt 0:02:30]} 20. axb3 {[%emt 0:02:30]} Raxb6 {[%emt 0:00:30]} 21. Ba1 {[%emt 0:06:30]} Qb7 {[%emt 0:04:30]} 22. Ne2 {[%emt 0:03:30]} Rxb3 {[%emt 0:05:30]} 23. Rxb3 {[%emt 0:00:30]} Qxb3 {[%emt 0:00:30]} 24. Qxb3 {[%emt 0:02:30]} Rxb3 {[%emt 0:00:30]} 25. Nf4 {[%emt 0:00:30]} Bh6 {[%emt 0:00:30]} 26. Rc1 {[%emt 0:01:30]} Kg7 {[%emt 0:00:30]} 27. Rc3 {[%emt 0:00:30]} Rb4 {[%emt 0:01:30]} 28. f3 {[%emt 0:00:30]} Rd4 {[%emt 0:01:30]} 29. Re3 {[%emt 0:03:30]} Rd2+ {[%emt 0:00:30]} 30. Re2 {[%emt 0:00:00]} Bxf4 {[%emt 0:00:30]} 0-1

[Event "24th Bosnjaci Open 2019"]
[Site "Bosnjaci"]
[Date "2019.01.09"]
[Round "9.15"]
[White "Radovic, Sinisa"]
[Black "Boban, Sten"]
[Result "0-1"]
[WhiteElo "1955"]
[BlackElo "2105"]
[Annotator "NA"]
[PlyCount "130"]
[EventDate "2019.01.03"]
[EventType "swiss"]
[EventCountry "CRO"]
[SourceTitle "playchess.com"]
[Source "ChessBase"]
[SourceQuality "1"]
[TimeControl "5400+30"]

1. e4 {[%emt 0:04:30]} e5 {[%emt 0:00:30]} 2. Nf3 {[%emt 0:00:30]} Nc6 {[%emt 0:00:30]} 3. Bb5 {[%emt 0:00:00]} a6 {[%emt 0:00:30]} 4. Ba4 {[%emt 0:00:00]} Nf6 {[%emt 0:00:00]} 5. O-O {[%emt 0:00:30]} Be7 {[%emt 0:00:00]} 6. Re1 {[%emt 0:00:00]} b5 {[%emt 0:00:30]} 7. Bb3 {[%emt 0:00:00]} O-O {[%emt 0:00:30]} 8. h3 {[%emt 0:00:00]} d6 {[%emt 0:00:30]} 9. c3 {[%emt 0:00:00]} Na5 {[%emt 0:00:30]} 10. Bc2 {[%emt 0:00:30]} c5 {[%emt 0:00:30]} 11. d4 {[%emt 0:00:00]} Qc7 {[%emt 0:00:30]} 12. d5 {[%emt 0:00:00]} Bd7 {[%emt 0:16:30]} 13. Nbd2 {[%emt 0:00:00]} Rab8 {[%emt 0:00:30] C97: Closed Ruy Lopez: Chigorin Defence: 11 d4 Qc7, sidelines} (13... c4 14. Nf1 Nb7 15. Bg5 Nc5 16. Ng3 Kh8 17. Qd2 Ng8 18. Be3 g6 19. Nh2 a5 20. f4 f6 21. Rf1 Rab8 22. f5 b4 {0-1 (49) Almasi,Z (2650)-Banusz,T (2592) Ajka 2018}) 14. b3 {[%emt 0:00:00]} Ne8 {[%emt 0:06:30]} 15. g4 $146 {[%emt 0:00:30]} ({Predecessor:} 15. Nf1 f5 16. exf5 Bxf5 17. Bxf5 Rxf5 18. Ng3 Rf8 19. Ne4 h6 20. Be3 Qd7 21. Nfd2 {½-½ (40) Badilles,G-Cardoso,R Jakarta 1963}) 15... g6 {[%emt 0:00:30]} 16. Nf1 {[%emt 0:00:30]} Ng7 {[%emt 0:02:30]} 17. Ng3 {[%emt 0:03:30]} Qc8 {[%emt 0:04:30]} 18. Bh6 {[%emt 0:06:30]} Nb7 {[%emt 0:01:30]} 19. Kg2 {[%emt 0:06:30]} Nd8 {[%emt 0:00:30]} 20. Rg1 {[%emt 0:02:30]} f6 {[%emt 0:00:30]} 21. Nh2 {[%emt 0:06:30]} Nf7 {[%emt 0:00:30]} 22. Bxg7 {[%emt 0:02:30]} Kxg7 {[%emt 0:00:00]} 23. Kh1 {[%emt 0:00:30]} Ng5 {[%emt 0:08:00]} 24. Kg2 {[%emt 0:06:30]} Rh8 {[%emt 0:06:30]} 25. h4 {[%emt 0:03:30]} Nf7 {[%emt 0:01:30]} 26. Kh1 {[%emt 0:03:30]} Kf8 {[%emt 0:05:30]} 27. Qf3 {[%emt 0:01:30]} Ke8 {[%emt 0:00:30]} 28. Rac1 {[%emt 0:04:30]} Rf8 {[%emt 0:01:30]} 29. Qe2 {[%emt 0:03:30]} Rg8 {[%emt 0:09:30]} 30. f3 {[%emt 0:01:30]} Bf8 {[%emt 0:01:30]} 31. Rg2 {[%emt 0:01:30]} Qd8 {[%emt 0:00:00]} 32. Bb1 {[%emt 0:05:30]} Bh6 {[%emt 0:01:00]} 33. Rcg1 {[%emt 0:00:30]} Qa5 {[%emt 0:00:00]} 34. Qe1 {[%emt 0:01:30]} Ke7 {[%emt 0:01:00]} 35. Nhf1 {[%emt 0:00:30]} Rgc8 {[%emt 0:01:30]} 36. Ne2 {[%emt 0:02:30]} Qb6 {[%emt 0:03:30]} 37. Neg3 {[%emt 0:05:30]} a5 {[%emt 0:00:00]} 38. Rb2 {[%emt 0:04:30]} Qc7 {[%emt 0:04:00]} 39. Ne2 {[%emt 0:02:30]} c4 {[%emt 0:04:30]} 40. b4 {[%emt 0:02:30]} Qa7 {[%emt 0:01:30]} 41. Rg2 {[%emt 0:01:30]} axb4 {[%emt 0:00:41]} 42. Rxb4 {[%emt 0:00:30]} Rc7 {[%emt 0:01:49]} 43. Nc1 {[%emt 0:00:30]} Qa3 {[%emt 0:01:04]} 44. Ne2 {[%emt 0:00:30]} Ra8 {[%emt 0:00:34]} 45. Qd1 {[%emt 0:00:30]} Rca7 {[%emt 0:01:15]} 46. Qc2 {[%emt 0:00:30]} Qa5 {[%emt 0:00:27]} 47. Qd1 {[%emt 0:01:30]} Qc7 {[%emt 0:00:12]} 48. Rb2 {[%emt 0:01:35]} Ra3 {[%emt 0:00:30]} 49. Qe1 {[%emt 0:01:30]} R8a4 {[%emt 0:00:53]} 50. Ng1 {[%emt 0:04:19]} Qa7 {[%emt 0:01:34]} 51. Rgc2 {[%emt 0:01:25]} Nd8 {[%emt 0:00:09]} 52. Rb4 {[%emt 0:01:11]} Ra5 {[%emt 0:01:04]} 53. Rcb2 {[%emt 0:02:52]} Nb7 {[%emt 0:02:09]} 54. Ne2 {[%emt 0:00:39]} Nc5 {[%emt 0:00:32]} 55. Qd1 {[%emt 0:00:26]} Na6 {[%emt 0:00:13]} 56. Kg2 {[%emt 0:01:55]} Qc7 {[%emt 0:02:45]} 57. Qc2 $19 {[%emt 0:01:11]} Nxb4 {[%emt 0:02:47]} 58. Rxb4 {[%emt 0:00:06]} Qc5 {[%emt 0:00:39]} 59. Rb2 {[%emt 0:01:36]} Ra8 {[%emt 0:00:11]} 60. Rb4 {[%emt 0:01:48]} Rf8 {[%emt 0:01:36]} 61. Neg3 {[%emt 0:00:16]} Bf4 {[%emt 0:01:02]} 62. Ne2 {[%emt 0:01:19]} Be3 {[%emt 0:00:16]} 63. Neg3 {[%emt 0:01:18]} Qa7 {[%emt 0:00:54]} 64. Ne2 {[%emt 0:00:25]} h5 {[%emt 0:00:53]} 65. Kg3 {[%emt 0:00:13]} Bf2+ {[%emt 0:01:40]} 0-1

[Event "24th Bosnjaci Open 2019"]
[Site "Bosnjaci"]
[Date "2019.01.09"]
[Round "9.16"]
[White "Ascic, Anto"]
[Black "Duda, Daniel"]
[Result "1-0"]
[WhiteElo "2093"]
[BlackElo "1991"]
[Annotator "NA"]
[PlyCount "107"]
[EventDate "2019.01.03"]
[EventType "swiss"]
[EventCountry "CRO"]
[SourceTitle "playchess.com"]
[Source "ChessBase"]
[SourceQuality "1"]
[TimeControl "5400+30"]

1. d4 {[%emt 0:00:30]} d5 {[%emt 0:00:30]} 2. c4 {[%emt 0:00:00]} e6 {[%emt 0:00:00]} 3. Nc3 {[%emt 0:00:00]} Nf6 {[%emt 0:00:00]} 4. Bg5 {[%emt 0:00:00]} Be7 {[%emt 0:00:00]} 5. e3 {[%emt 0:00:00]} Nbd7 {[%emt 0:00:00]} 6. cxd5 {[%emt 0:00:30]} exd5 {[%emt 0:00:30]} 7. Bd3 {[%emt 0:00:30]} c6 {[%emt 0:00:00]} 8. Qc2 {[%emt 0:00:00]} h6 {[%emt 0:00:00]} 9. Bh4 {[%emt 0:00:00]} Nh5 {[%emt 0:00:30]} 10. Bxe7 {[%emt 0:00:00] D36: Queen's Gambit Declined: Exchange Variation: Main line (5 Bg5 c6 6 Qc2)} Qxe7 {[%emt 0:00:30]} 11. Nf3 {[%emt 0:00:00]} (11. O-O-O Nb6 12. Nf3 Nf6 13. Kb1 Be6 14. Ka1 O-O-O 15. Na4 Kb8 16. Rc1 Rhe8 17. Nc5 Bc8 {1-0 (50) Nepomniachtchi,I (2757)-Nisipeanu,L (2672) Dortmund 2018}) 11... Nf4 {[%emt 0:00:30]} 12. O-O {[%emt 0:00:30]} Nxd3 {[%emt 0:00:30]} 13. Qxd3 {[%emt 0:00:30]} Nf6 {[%emt 0:01:30]} 14. Ne5 {[%emt 0:00:30]} O-O {[%emt 0:00:30]} 15. f3 $146 {[%emt 0:02:30]} ({Predecessor:} 15. a3 Re8 16. b4 Ne4 17. b5 Qg5 {1-0 (40) Rapport,J (2318)-Repkova,E (2332) Baku 2016}) 15... Be6 {[%emt 0:03:30]} 16. Na4 {[%emt 0:02:30]} Rac8 {[%emt 0:11:30]} 17. Rac1 {[%emt 0:09:30]} Qd6 {[%emt 0:02:30]} 18. Nc5 {[%emt 0:01:30]} b6 {[%emt 0:04:30]} 19. Nxe6 {[%emt 0:00:30]} Qxe6 {[%emt 0:02:30]} 20. b4 {[%emt 0:01:30]} Ne8 {[%emt 0:10:30]} 21. e4 {[%emt 0:07:30]} c5 {[%emt 0:16:30]} 22. Rfd1 {[%emt 0:04:30]} Nf6 {[%emt 0:01:30]} 23. bxc5 {[%emt 0:06:30]} bxc5 {[%emt 0:00:30]} 24. exd5 {[%emt 0:02:30]} Qxd5 {[%emt 0:01:30]} 25. Qb3 {[%emt 0:07:30]} cxd4 {[%emt 0:03:30]} 26. Rxc8 {[%emt 0:00:30]} Rxc8 {[%emt 0:00:30]} 27. Qxd5 {[%emt 0:00:30]} Nxd5 {[%emt 0:00:30]} 28. Rxd4 {[%emt 0:00:00]} Rc1+ {[%emt 0:01:30]} 29. Kf2 $11 {[%emt 0:00:00]} Rc2+ {[%emt 0:00:30]} 30. Ke1 {[%emt 0:05:30]} Ne3 {[%emt 0:04:30]} 31. Rd8+ {[%emt 0:00:30]} Kh7 {[%emt 0:00:30]} 32. Rd2 {[%emt 0:00:00]} Nxg2+ {[%emt 0:01:30]} 33. Kd1 {[%emt 0:03:00]} Ne3+ {[%emt 0:01:30]} 34. Ke2 {[%emt 0:00:00]} f6 {[%emt 0:03:30]} 35. Rxc2 {[%emt 0:02:00]} Nxc2 {[%emt 0:00:30]} 36. Nc6 {[%emt 0:00:30]} a6 {[%emt 0:01:30]} 37. a4 {[%emt 0:00:00]} Kg6 {[%emt 0:00:30]} 38. Kd2 {[%emt 0:03:00]} Na3 {[%emt 0:01:30]} 39. Kc3 {[%emt 0:00:30]} Kf5 {[%emt 0:07:52]} 40. Nb4 {[%emt 0:13:30]} Kf4 {[%emt 0:04:07]} 41. Nxa6 {[%emt 0:01:30]} Kxf3 {[%emt 0:00:28]} 42. Nc7 {[%emt 0:00:00]} Ke2 {[%emt 0:06:00]} 43. a5 {[%emt 0:02:00]} f5 {[%emt 0:00:01]} 44. a6 {[%emt 0:00:30]} f4 {[%emt 0:00:03]} 45. a7 {[%emt 0:00:30]} f3 {[%emt 0:00:01]} 46. a8=Q {[%emt 0:00:30]} f2 {[%emt 0:00:11]} 47. Qe4+ {[%emt 0:05:30]} Kd1 {[%emt 0:00:36]} 48. Qd3+ {[%emt 0:04:30]} Ke1 {[%emt 0:00:02]} 49. Qe3+ {[%emt 0:00:30]} Kf1 {[%emt 0:00:03]} 50. Nd5 {[%emt 0:02:29]} g5 {[%emt 0:00:23]} 51. Kd3 {[%emt 0:02:13]} g4 {[%emt 0:01:32]} 52. Qg3 {[%emt 0:00:25]} h5 {[%emt 0:00:24]} 53. Ne3+ {[%emt 0:00:09]} Ke1 {[%emt 0:00:01]} 54. Qg2 {[%emt 0:00:15]} 1-0

[Event "24th Bosnjaci Open 2019"]
[Site "Bosnjaci"]
[Date "2019.01.09"]
[Round "9.17"]
[White "Ljubicic, Mario"]
[Black "Egerc, Josip"]
[Result "0-1"]
[WhiteElo "1886"]
[BlackElo "2081"]
[Annotator "NA"]
[PlyCount "72"]
[EventDate "2019.01.03"]
[EventType "swiss"]
[EventCountry "CRO"]
[SourceTitle "playchess.com"]
[Source "ChessBase"]
[SourceQuality "1"]
[TimeControl "5400+30"]

1. e4 {[%emt 0:00:30]} e6 {[%emt 0:28:30]} 2. d4 {[%emt 0:00:00]} d6 {[%emt 0:02:30]} 3. Nf3 {[%emt 0:01:00]} g6 {[%emt 0:00:00]} 4. Bd3 {[%emt 0:01:30] C01: French: Exchange Variation} Bg7 {[%emt 0:00:00]} 5. c3 {[%emt 0:00:30]} Nd7 {[%emt 0:00:30]} (5... Ne7 6. O-O O-O 7. Re1 Nd7 8. Nbd2 b6 9. a4 a6 10. Nc4 Bb7 11. Qe2 h6 12. Bd2 Nf6 {½-½ (71) Potkin,V (2682)-Vitiugov,N (2733) Khanty-Mansiysk 2011}) 6. Be3 {[%emt 0:05:30]} Ne7 {[%emt 0:00:00]} 7. Qd2 {[%emt 0:00:30]} e5 $146 {[%emt 0:01:00]} ({Predecessor:} 7... h6 8. Na3 Nf6 9. h3 Bd7 10. c4 Bc6 11. d5 exd5 12. cxd5 {1-0 (35) Travnicek,P (2138)-Novotny,J (2131) Czechia 2012}) 8. Bh6 {[%emt 0:02:30]} Bxh6 {[%emt 0:00:30]} 9. Qxh6 {[%emt 0:00:30]} exd4 {[%emt 0:00:30]} 10. cxd4 {[%emt 0:01:30]} Ng8 {[%emt 0:00:30]} 11. Qd2 {[%emt 0:02:30]} c6 {[%emt 0:03:30]} ({Black should play} 11... d5 $14) 12. Nc3 {[%emt 0:01:30]} Nb6 {[%emt 0:02:30]} 13. e5 {[%emt 0:08:30]} Bg4 {[%emt 0:00:30]} 14. h3 {[%emt 0:05:30]} Bxf3 {[%emt 0:00:30]} 15. gxf3 {[%emt 0:00:30]} dxe5 {[%emt 0:01:30]} 16. dxe5 {[%emt 0:00:30]} Qd4 {[%emt 0:00:30]} 17. O-O-O $1 {[%emt 0:01:30]} Ne7 {[%emt 0:00:30] [#]} 18. Rhe1 {[%emt 0:05:30]} ({White should try} 18. Qg5 $1 $16) 18... O-O-O {[%emt 0:01:30]} 19. Kb1 {[%emt 0:03:30]} Qh4 {[%emt 0:04:30]} 20. Ne4 {[%emt 0:02:30]} Rhf8 {[%emt 0:02:30]} 21. f4 {[%emt 0:09:30]} Nf5 {[%emt 0:05:30]} 22. Ng5 {[%emt 0:10:30]} h6 {[%emt 0:04:30]} 23. e6 {[%emt 0:02:30]} hxg5 {[%emt 0:01:30]} 24. Bxf5 {[%emt 0:00:30]} fxe6 {[%emt 0:02:30]} 25. Bxe6+ {[%emt 0:01:30]} Kb8 {[%emt 0:00:30]} 26. Qxd8+ {[%emt 0:11:30]} Rxd8 {[%emt 0:00:30]} 27. Rxd8+ {[%emt 0:00:00]} Kc7 {[%emt 0:00:30]} 28. Red1 {[%emt 0:00:00]} gxf4 {[%emt 0:00:30]} 29. Rf8 {[%emt 0:01:30]} a5 {[%emt 0:01:30]} 30. f3 {[%emt 0:01:30]} Qf2 {[%emt 0:00:30]} 31. Rxf4 {[%emt 0:02:58]} g5 {[%emt 0:03:30]} 32. Rf7+ {[%emt 0:03:55]} Kb8 {[%emt 0:00:30]} 33. Rf8+ {[%emt 0:02:13]} Ka7 {[%emt 0:00:30]} 34. Rf5 {[%emt 0:03:21]} Ka6 $15 {[%emt 0:01:30]} (34... c5 $19 35. Bb3 a4) 35. Rxg5 {[%emt 0:01:00]} Na4 {[%emt 0:00:30]} 36. Bc4+ {[%emt 0:00:51]} Kb6 {[%emt 0:00:30]} 0-1

[Event "24th Bosnjaci Open 2019"]
[Site "Bosnjaci"]
[Date "2019.01.09"]
[Round "9.19"]
[White "Potlimbrzovic, Zdenko"]
[Black "Klasan, Elvis"]
[Result "0-1"]
[WhiteElo "2094"]
[BlackElo "1861"]
[Annotator "NA"]
[PlyCount "174"]
[EventDate "2019.01.03"]
[EventType "swiss"]
[EventCountry "CRO"]
[SourceTitle "playchess.com"]
[Source "ChessBase"]
[SourceQuality "1"]
[TimeControl "5400+30"]

1. Nf3 {[%emt 0:00:30]} g6 {[%emt 0:06:30]} 2. c4 {[%emt 0:00:30]} c5 {[%emt 0:01:30]} 3. Nc3 {[%emt 0:00:30]} Bg7 {[%emt 0:00:00]} 4. g3 {[%emt 0:00:30]} Nc6 {[%emt 0:01:00]} 5. Bg2 {[%emt 0:02:30]} d6 {[%emt 0:10:30]} 6. d3 {[%emt 0:01:30]} Nf6 {[%emt 0:08:30] LiveBook: 34 Games} 7. O-O {[%emt 0:02:30]} O-O {[%emt 0:00:30]} 8. e4 {[%emt 0:01:30]} e5 {[%emt 0:05:30] A38: Symmetrical English vs ...g6: 4 Bg2 Bg7 5 Nf3 Nf6} 9. a3 {[%emt 0:02:30]} (9. Ne1 Ne8 10. Nc2 Nc7 11. Ne3 Rb8 12. a4 Nd4 13. Ne2 {½-½ (13) Ivanchuk,V (2731)-Erdos,V (2613) Tsaghkadzor 2015}) 9... Ne8 {[%emt 0:06:30]} 10. Nd5 {[%emt 0:08:30]} f5 {[%emt 0:04:30]} (10... Bg4 $11 {remains equal.}) 11. exf5 $146 {[%emt 0:06:30]} ({Predecessor:} 11. Bg5 Qd7 12. Bd2 fxe4 13. dxe4 h6 14. h3 Qf7 15. Kh2 Nc7 16. Nxc7 Qxc7 {0-1 (41) Zhak,B (1985)-Basko,B (1997) Alushta 2011}) 11... Bxf5 {[%emt 0:01:30]} 12. h3 {[%emt 0:04:30]} Nc7 {[%emt 0:04:30]} 13. g4 {[%emt 0:01:30]} Be6 {[%emt 0:03:30]} 14. Nxc7 {[%emt 0:00:30]} Qxc7 {[%emt 0:00:00]} 15. Ng5 {[%emt 0:00:30]} Bc8 {[%emt 0:09:00]} 16. Bd2 {[%emt 0:11:30]} h6 {[%emt 0:07:30]} 17. Ne4 {[%emt 0:06:30]} Be6 {[%emt 0:02:30]} 18. Rb1 {[%emt 0:03:30]} Rad8 {[%emt 0:01:30]} 19. b4 {[%emt 0:00:30]} b6 {[%emt 0:00:30]} 20. Nc3 {[%emt 0:03:30]} Nd4 {[%emt 0:04:32]} 21. Be3 {[%emt 0:02:30]} Nc6 {[%emt 0:05:04]} 22. Qa4 {[%emt 0:04:30]} Nd4 {[%emt 0:06:04]} 23. Bxd4 {[%emt 0:00:30]} cxd4 {[%emt 0:02:15]} 24. Nb5 {[%emt 0:01:30]} Bd7 {[%emt 0:04:45]} 25. Qxa7 {[%emt 0:05:30]} (25. Bd5+ $18 Kh7 26. Nxc7 Bxa4 27. Ne6) 25... Qxa7 {[%emt 0:01:26]} 26. Bd5+ {[%emt 0:00:30]} Kh7 {[%emt 0:00:39]} 27. Nxa7 {[%emt 0:00:30]} Ba4 {[%emt 0:00:34]} 28. Rb2 {[%emt 0:04:30]} h5 {[%emt 0:01:37]} 29. b5 {[%emt 0:01:30]} Rd7 {[%emt 0:01:24]} 30. Nc6 {[%emt 0:00:30]} Bh6 {[%emt 0:00:39]} 31. Nb4 {[%emt 0:01:30]} hxg4 {[%emt 0:00:04]} 32. hxg4 {[%emt 0:00:30]} Bf4 {[%emt 0:00:21]} 33. Kg2 {[%emt 0:02:30]} Kg7 {[%emt 0:00:46]} 34. Rh1 {[%emt 0:03:00]} Rh8 {[%emt 0:00:03]} 35. Rxh8 {[%emt 0:01:45]} Kxh8 {[%emt 0:00:01]} 36. Be4 {[%emt 0:00:00]} Bc1 {[%emt 0:00:50]} 37. Rb1 {[%emt 0:02:14]} Bxa3 {[%emt 0:00:15]} 38. Bxg6 {[%emt 0:00:47]} Kg7 {[%emt 0:00:21]} 39. Bf5 {[%emt 0:00:10]} Rf7 {[%emt 0:00:44]} 40. Nd5 {[%emt 0:01:55]} Bc5 {[%emt 0:00:10]} 41. Kf3 {[%emt 0:02:24]} Bc2 {[%emt 0:00:13]} 42. Rc1 {[%emt 0:00:10]} Bxd3 {[%emt 0:00:12]} 43. Kg3 {[%emt 0:00:56]} Bxf5 {[%emt 0:00:11]} 44. gxf5 {[%emt 0:00:06]} Rxf5 {[%emt 0:00:10]} 45. f3 {[%emt 0:00:21]} Rg5+ {[%emt 0:00:30]} 46. Kh2 {[%emt 0:00:10]} Rh5+ {[%emt 0:01:00]} 47. Kg2 {[%emt 0:00:12] [#]} Kg6 $1 {[%emt 0:00:39]} 48. Rd1 {[%emt 0:02:27]} Rh7 {[%emt 0:01:25]} 49. Ra1 {[%emt 0:00:39]} Kf5 {[%emt 0:00:30]} 50. Ra8 {[%emt 0:00:41]} Rg7+ {[%emt 0:00:30]} 51. Kf1 {[%emt 0:00:56]} d3 {[%emt 0:00:30]} 52. Ke1 {[%emt 0:00:36]} Rg2 {[%emt 0:00:30]} 53. Rf8+ {[%emt 0:01:23]} Ke6 {[%emt 0:00:06]} 54. Rf6+ {[%emt 0:02:44]} Kd7 {[%emt 0:00:05]} 55. Rf7+ {[%emt 0:00:55]} Ke8 {[%emt 0:00:16]} 56. Rh7 {[%emt 0:00:54]} Rc2 {[%emt 0:00:36]} 57. Kd1 {[%emt 0:00:40]} Rxc4 {[%emt 0:00:44]} 58. Kd2 {[%emt 0:00:07]} Rd4 {[%emt 0:00:15]} 59. Nc7+ {[%emt 0:00:57]} Kf8 {[%emt 0:00:26]} 60. Ne6+ {[%emt 0:00:14]} Kg8 {[%emt 0:00:06]} 61. Rg7+ {[%emt 0:01:20]} Kh8 {[%emt 0:00:03]} 62. Nxd4 {[%emt 0:01:26]} Kxg7 {[%emt 0:00:12]} 63. Nb3 {[%emt 0:00:09]} Kf6 {[%emt 0:00:21]} 64. Kxd3 {[%emt 0:00:09]} Ke6 {[%emt 0:00:10]} 65. Nd2 {[%emt 0:01:05]} d5 {[%emt 0:00:12]} 66. Nb3 {[%emt 0:00:12]} Bb4 {[%emt 0:00:17]} 67. Ke3 $2 {[%emt 0:00:27]} (67. Kc2 {might work better.}) 67... Kf5 {[%emt 0:01:11]} (67... Be7 $142 68. Kd3 Kf5) 68. Nc1 {[%emt 0:00:17]} Bc5+ {[%emt 0:00:43]} 69. Ke2 {[%emt 0:00:14]} Ke6 {[%emt 0:00:48]} 70. Kd3 {[%emt 0:00:15]} Kd6 {[%emt 0:00:14]} 71. Nb3 {[%emt 0:00:03]} Bf2 {[%emt 0:00:17]} 72. Ke2 {[%emt 0:00:08]} Bh4 {[%emt 0:00:12]} 73. Kd3 {[%emt 0:00:11]} Ke6 {[%emt 0:00:08]} 74. Ke3 {[%emt 0:00:42]} Bg5+ {[%emt 0:00:02]} 75. Kd3 {[%emt 0:00:43]} Kf5 {[%emt 0:00:14]} 76. Ke2 $1 $11 {[%emt 0:00:19]} Kg6 $2 {[%emt 0:01:36]} (76... d4 77. Kd3 Bh6) 77. Na1 {[%emt 0:00:31]} Kf5 $2 {[%emt 0:00:24]} 78. Nc2 $2 {[%emt 0:00:06]} Be7 {[%emt 0:00:22]} 79. Kd3 {[%emt 0:01:06]} (79. Ne3+ Ke6) 79... Bc5 {[%emt 0:00:42]} 80. Na1 {[%emt 0:00:49]} Kf4 {[%emt 0:00:43]} 81. Ke2 {[%emt 0:00:06]} e4 {[%emt 0:00:12]} 82. fxe4 {[%emt 0:00:09]} Kxe4 {[%emt 0:00:16]} 83. Nb3 $2 {[%emt 0:01:19]} (83. Nc2 $19) 83... Be3 {[%emt 0:00:31]} 84. Na1 {[%emt 0:00:44]} d4 {[%emt 0:00:55]} 85. Nb3 {[%emt 0:00:30]} d3+ {[%emt 0:00:08]} 86. Kd1 {[%emt 0:01:02]} Kd5 {[%emt 0:00:30]} 87. Nc1 {[%emt 0:01:32]} Kc4 0-1

[Event "24th Bosnjaci Open 2019"]
[Site "Bosnjaci"]
[Date "2019.01.09"]
[Round "9.20"]
[White "Caric, Mato"]
[Black "Novosad, Ivan"]
[Result "1-0"]
[WhiteElo "2088"]
[BlackElo "1840"]
[Annotator "NA"]
[PlyCount "73"]
[EventDate "2019.01.03"]
[EventType "swiss"]
[EventCountry "CRO"]
[SourceTitle "playchess.com"]
[Source "ChessBase"]
[SourceQuality "1"]
[TimeControl "5400+30"]

1. e4 {[%emt 0:00:30]} c6 {[%emt 0:00:30]} 2. d4 {[%emt 0:00:00]} d5 {[%emt 0:00:00]} 3. exd5 {[%emt 0:00:00]} cxd5 {[%emt 0:00:00]} 4. Bd3 {[%emt 0:00:00]} Nf6 {[%emt 0:00:30]} 5. c3 {[%emt 0:01:00]} Nc6 {[%emt 0:00:00]} 6. Bf4 {[%emt 0:00:00]} e6 {[%emt 0:05:00]} 7. Nf3 {[%emt 0:01:00]} Nh5 {[%emt 0:01:30] B13: Caro-Kann: Exchange Variation and Panov-Botvinnik Attack} (7... Bd6 8. Bxd6 Qxd6 9. O-O O-O 10. Nbd2 {½-½ (10) Rasulov,V (2509)-Benidze,D (2476) Canakkale 2017}) 8. Bg5 {[%emt 0:00:30]} Be7 {[%emt 0:04:30]} 9. Bxe7 {[%emt 0:00:30]} Qxe7 {[%emt 0:01:30]} 10. O-O {[%emt 0:00:30]} O-O {[%emt 0:02:30]} 11. Ne5 $146 {[%emt 0:02:30]} ({Predecessor:} 11. Re1 Bd7 12. Nbd2 Rfe8 13. Nb3 Nf4 14. Bc2 b6 15. Qd2 {1-0 (24) Corlatescu,D-Beciu,I Ploiesti 2003}) 11... Nf4 {[%emt 0:03:30]} 12. Re1 {[%emt 0:02:30]} Qg5 {[%emt 0:12:30]} 13. Qf3 {[%emt 0:00:30]} f5 {[%emt 0:03:30]} 14. Bf1 {[%emt 0:01:30]} Rf6 {[%emt 0:02:30]} 15. Na3 {[%emt 0:00:30]} Rh6 {[%emt 0:03:30]} 16. Nb5 {[%emt 0:02:30]} Nxe5 {[%emt 0:00:30]} 17. dxe5 {[%emt 0:05:30]} Ng6 {[%emt 0:14:30]} 18. Rad1 {[%emt 0:14:30]} Bd7 {[%emt 0:03:30]} 19. Rd4 {[%emt 0:05:30]} f4 {[%emt 0:03:30]} 20. c4 {[%emt 0:11:30]} (20. h3 $15) 20... Bxb5 {[%emt 0:13:30]} 21. cxb5 {[%emt 0:00:30]} Rf8 {[%emt 0:00:30]} 22. Ra4 {[%emt 0:04:30]} Nxe5 {[%emt 0:01:30]} 23. Qb3 {[%emt 0:00:30]} f3 {[%emt 0:01:30]} 24. g3 {[%emt 0:00:30]} a6 {[%emt 0:04:10]} 25. bxa6 {[%emt 0:01:30]} bxa6 {[%emt 0:00:06]} 26. Qe3 {[%emt 0:02:30]} Qh5 {[%emt 0:01:32]} 27. Rh4 {[%emt 0:01:30]} Qxh4 {[%emt 0:06:17]} 28. gxh4 {[%emt 0:00:00]} Rg6+ {[%emt 0:00:52]} 29. Kh1 {[%emt 0:01:00]} Ng4 {[%emt 0:01:24]} 30. Qd2 {[%emt 0:01:30]} Kh8 {[%emt 0:03:14]} 31. Bh3 {[%emt 0:02:30]} Rf4 $18 {[%emt 0:01:30]} 32. Rg1 {[%emt 0:01:30]} h5 {[%emt 0:02:07]} 33. Bxg4 {[%emt 0:00:30]} Rfxg4 {[%emt 0:00:09]} 34. Rxg4 {[%emt 0:02:30]} hxg4 {[%emt 0:01:37]} 35. Qd3 {[%emt 0:00:00]} Rf6 {[%emt 0:00:51]} 36. Qxa6 {[%emt 0:00:00]} d4 {[%emt 0:00:52]} 37. Qa8+ {[%emt 0:00:30]} 1-0